Mediterranean-type shrublands
Saved in:
| Other Authors: | , , |
|---|---|
| Format: | Book |
| Language: | English |
| Published: |
Amsterdam :
Elsevier Scientific,
1981
|
| Series: | Ecosystems of the world ;
; 11 |
| Subjects: | |
| Tags: |
Add Tag
No Tags, Be the first to tag this record!
|
MARC
| LEADER | 00000nam a2200000 i 4500 | ||
|---|---|---|---|
| 001 | 1/64760 | ||
| 008 | 931004s1981 eng d | ||
| 020 | |a 0-444-41858-X | ||
| 035 | |a ΛΕΣΒΟΣb10001440 |l 10001440 | ||
| 040 | |a GR-MY-UA |b gre |e aacr | ||
| 041 | 0 | |a eng | |
| 082 | 0 | |a 574.5264 | |
| 245 | 1 | 0 | |a Mediterranean-type shrublands / |c edited by Francesco di Castri, David W. Goodall, Raymond L. Specht |
| 260 | |a Amsterdam : |b Elsevier Scientific, |c 1981 | ||
| 300 | |a 643 p. | ||
| 490 | 1 | |a Ecosystems of the world |v ; 11 | |
| 504 | |a Includes bibliographical references and index | ||
| 650 | 0 | 0 | |a Shrubland ecology. |
| 650 | 0 | 0 | |a Mediterranean climate. |
| 700 | 1 | |a Di Castri, Francesco. |4 edt | |
| 700 | 1 | |a Goodall, David W. |d 1914- |4 edt | |
| 700 | 1 | |a Specht, R. L. |q (Raymond Louis) |d 1924- |4 edt | |
| 830 | 0 | |a Ecosystems of the world ; |v ; 11 | |
| 852 | |a INST |b LESVOS |e 19931004 |h 574.5264 MED |p 005100005790 |q 005100005790 |t BK |y 0 | ||
| 909 | |a Λ |b 018195 | ||